| 000 | 00871cam a2200253 a 4500 | ||
|---|---|---|---|
| 001 | 000014526 | ||
| 005 | 20200929163850.0 | ||
| 008 | 931029s1987 pr a b 000 0 spa d | ||
| 020 | _a0940238918 | ||
| 035 | _a(DLC) 87082377 | ||
| 035 | _a(OCoLC)17686904 | ||
| 040 |
_aDO-SdBNP _bspa _cBNPHU _dDLC |
||
| 082 |
_a305.47295 _bM953p |
||
| 245 | 0 | 3 |
_aLa Mujer en Puerto Rico : _bensayos de investigación / _cedición Yamila Azize Vargas. |
| 260 |
_aRio Piedras, Puerto Rico : _bHuracán, _c1987. |
||
| 300 |
_a238 p. : _bil. ; _c20 cm. |
||
| 490 | 1 | _aHuracán academia | |
| 504 | _aIncluye referencias bibliográficas y notas al pie de las páginas. | ||
| 650 | 4 |
_aMujeres _zPuerto Rico _932866 |
|
| 650 | 4 |
_aFeminismo _zPuerto Rico _932867 |
|
| 700 | 1 |
_aAzize Vargas, Yamila, _eed. _932868 |
|
| 830 | 0 |
_aHuracán academia _916161 |
|
| 910 | _aCatalogación por copia / LC | ||
| 999 |
_c14114 _d14114 |
||